| 000 | 00392nam a22001337a 4500 | ||
|---|---|---|---|
| 008 | 200320b xxu||||| |||| 00| 0 eng d | ||
| 082 | _aCD16556 | ||
| 100 | _aGiri, Sangeeta | ||
| 245 | _aEffectiveness of pair work in reading comprehension. | ||
| 260 |
_aKathmandu: _c2019. |
||
| 502 |
_aDissertation _bDegree in English (Education) _cT.U. |
||
| 650 | _aEnglish language | ||
| 942 |
_2ddc _cVM |
||
| 999 |
_c96195 _d96184 |
||